| 000 | 00698nam a22001937a 4500 | ||
|---|---|---|---|
| 999 |
_c189722 _d189722 |
||
| 005 | 20220711164150.0 | ||
| 010 | _aUR-11641 | ||
| 020 |
_a9789392496400 _c380.00 |
||
| 035 | _aU-10196 | ||
| 037 |
_bDBAD/PUB _a- |
||
| 082 | _a841.08 | ||
| 100 | _aاشفاق احمد عمر | ||
| 245 |
_aاردو زبان کے امتیازات : _bعہد غالب سے عصر حاضر تک / _cاشفاق احمد عمر |
||
| 246 |
_aUdu Zaban ke Imteyazaat / _bby Ashfaq Ahmad Umar |
||
| 260 |
_aNew Delhi _bEducational Publishing House _c2022 ء |
||
| 270 |
_aH.o. D1/16, Ansari Road, Daryaganj _bNew Delhi _e110002 |
||
| 300 |
_a264 ص _c22cm(Hb) |
||
| 942 |
_2ddc _cUR _h841.08 _mا ش ف |
||